Adiestramiento de perros de caza / (Record no. 58279)

MARC details
000 -LEADER
campo de control de longitud fija 00572nam a2200181 i 4500
001 - NÚMERO DE CONTROL
campo de control 58279
003 - IDENTIFICADOR DE NÚMERO DE CONTROL
campo de control ES-MaACL
005 - FECHA Y HORA DE LA ÚLTIMA TRANSACCIÓN
campo de control 20230906163751.0
007 - CAMPO FIJO DE DESCRIPCIÓN FÍSICA--INFORMACIÓN GENERAL
campo de control de longitud fija t|
008 - DATOS DE LONGITUD FIJA--INFORMACIÓN GENERAL
campo de control de longitud fija 031021s1971 sp ||||1| spa d
100 1# - ENTRADA PRINCIPAL--NOMBRE DE PERSONA
Nombre de persona Duffey, David Michael.
9 (RLIN) 45893
245 10 - MENCIÓN DEL TÍTULO
Título Adiestramiento de perros de caza /
Mención de responsabilidad, etc. por David Michael Duffey ; [traducido por Carlos Lehmkuhl].
260 ## - PUBLICACIÓN, DISTRIBUCIÓN, ETC.
Lugar de publicación, distribución, etc. Barcelona :
Nombre del editor, distribuidor, etc. Sintes,
Fecha de publicación, distribución, etc. 1971.
300 ## - DESCRIPCIÓN FÍSICA
Extensión 206 p., 3 lám. :
Otras características físicas il. ;
Dimensiones 22 cm.
650 #4 - PUNTO DE ACCESO ADICIONAL DE MATERIA--TÉRMINO DE MATERIA
Término de materia o nombre geográfico como elemento de entrada Perros de caza.
9 (RLIN) 144501
700 1# - ENTRADA AGREGADA--NOMBRE PERSONAL
Nombre de persona Lehmkuhl, Carlos.
9 (RLIN) 71345
852 ## - LOCALIZACIÓN
Ubicación ES-MaACL
Número de control de estantería C-45657
Sublocalización o colección R.78526
Holdings
Estatus retirado Estado de pérdida Estado de daño No para préstamo Biblioteca de origen Biblioteca actual Ubicación en estantería Fecha de adquisición Fuente de adquisición Total de préstamos Signatura topográfica completa Código de barras Visto por última vez Precio de reemplazo Tipo de ítem Koha
        Biblioteca del Ateneo de Madrid Biblioteca del Ateneo de Madrid Depósito 2 17/01/2008     C-45657 1061155 23/02/2023 23/02/2023 Libro impreso